Statystyki dla Finały Ligi Mistrzów od 2000 do 2019 roku

Kliknij tutaj aby rozwiązać quiz!

Ogólne statystyki

  • Ten quiz został rozwiązany 93 razy
  • Średni wynik to 9 z 20

Statystyki odpowiedzi

HintOdpowiedź% Poprawnych
1 czerwca 2019 Wanda MetropolitanoLiverpool FC(niestety)-Tottenham Hotspur 2:0
71%
6 czerwca 2015 OlympiastadionFC Barcelona-Juventus Turyn 3:1
62%
24 maja 2014 Estadio da LuzReal Madryt-Atletico Madryt 4:1
56%
28 maja 2016 San SiroReal Madryt-Atletico Madryt 1:1
54%
25 maja 2013 Wembley StadiumBayern Monachium-Borussia Dortmund 2:1
51%
28 maja 2011 Wembley StadiumFC Barcelona-Manchester United 3:1
50%
21 maja 2008 Stadion ŁużnikiManchester United-Chelsea FC 1:1
50%
27 maja 2009 Stadio OlimpicoFC Barcelona-Manchester United 2:0
49%
25 maja 2005 Ataturk Olimpyat StadyumuLiverpool FC(niestety)-AC Milan 3:3
49%
19 maja 2012 Alianz ArenaChelsea FC-Bayern Monachium 1:1
47%
17 maja 2006 Stade de FranceFC Barcelona-Arsenal FC 2:1
47%
3 czerwca 2017 Millenium StadiumReal Madryt-Juventus Turyn 4:1
47%
22 maja 2010 Santiago BernabeuInter Mediolan-Bayern Monachium 2:0
46%
26 maja 2018 Stadion Olimpijski w KijowieReal Madryt-Liverpool FC 3:1
46%
23 maja 2007 Stadion Olimpijski w AtenachAC Milan-Liverpool FC 2:1
42%
26 maja 2004 Arena AufSchalkeFC Porto-AS Monaco 3:0
37%
28 maja 2003 Old TraffordAC Milan-Juventus Turyn 0:0
27%
15 maja 2002 Hampden ParkReal Madryt-Bayer Leverkusen 2:1
26%
23 maja 2001 San SiroBayern Monachium-Valencia CF 1:1
21%
24 maja 2000 Stade de FranceReal Madryt-Valencia CF 3:0
19%

Rozkład punktacji

Percentyl według liczby udzielonych odpowiedzi

Procent ludzi z każdym wynikiem

Twoja historia wyników

Nie rozwiązałeś tego quizu